| 000 | 00712 a2200181 4500 | ||
|---|---|---|---|
| 999 |
_c2444 _d2444 |
||
| 020 | _a002379271X | ||
| 050 | 0 | 0 | _aLB 1050.5 MCC 1995 |
| 100 | 1 |
_aMcCormick, Sandra _eAuthor |
|
| 245 | 1 | 0 |
_aInstructing students who have literacy problems / _cSandra McCormick |
| 250 | _a2nd ed. | ||
| 264 |
_aNew Jersey: _bPrentice Hall Inc, _c1995 |
||
| 300 |
_axxii, 597 p. : _bill. |
||
| 500 | _aRev. ed. of: Remedial and clinical reading instruction. c1987. | ||
| 504 | _aIncludes bibliographical references (p. 553-577) and index. | ||
| 650 | 0 |
_aReading _xRemedial teaching |
|
| 942 |
_2lcc _cBK _hLB 1050.5M37 _iMcM _kLB |
||